Stany USA o krótkich nazwach - Statystyki

Ogólne statystyki
  • Ten quiz został rozwiązany 23 razy
  • Średni wynik to 4 z 5
Statystyki odpowiedzi
Stan % Poprawnych
Utah
86%
Iowa
77%
Ohio
77%
Idaho
64%
Maine
64%
Nie znaleziono quizów pasujących do podanych kryteriów
Rozkład punktacji
Procent ludzi z każdym wynikiem
Percentyl według liczby udzielonych odpowiedzi
Twoja historia wyników
Nie rozwiązałeś tego quizu